| 000 | 01900nam0a2200361 4500 | ||
|---|---|---|---|
| 001 | RU\NLR\bibl\1422774 | ||
| 005 | 20250615215110.0 | ||
| 010 |
_a978-5-9948-0153-6 _9100 |
||
| 021 |
_aRU _b2009-63378 _93907 |
||
| 035 | _a(NLR Aleph) 001414711 | ||
| 090 |
_a1304712 _c1304712 |
||
| 100 | _a20091012d2008 |||y0rusy50 ca | ||
| 101 | 0 | _arus | |
| 102 | _aRU | ||
| 105 | _aa ||||||||| | ||
| 200 | 1 |
_aНачальный очаг горения при искровом зажигании гомогенных топливовоздушных смесей в замкнутых объемах _eмонография _fГ.Н. Злотин, Е.А. Федянов _gФедер. агентство по образованию, Волгогр. гос. техн. ун-т |
|
| 210 |
_aВолгоград _cВолгоградский государственный технический университет _d2008 |
||
| 215 |
_a152 с. _cил. _d20 |
||
| 313 | _aтеоретические и экспериментальные исследования процесов горения топлива поршневых ДВС | ||
| 320 | _aБиблиогр.: с. 148-150 (51 назв.) | ||
| 606 | 1 |
_aПоршневые двигатели внутреннего сгорания _xЗажигание от искры _92572235 _3RU\NLR\AUTH\661521032 |
|
| 606 | 1 |
_aПоршневые двигатели внутреннего сгорания _xТопливо _xСжигание _92595100 _3RU\NLR\AUTH\661533369 |
|
| 686 | _aЗ353.204.1 | ||
| 686 | _aЗ365.342-044.2-01 | ||
| 700 | 1 |
_aЗлотин _bГ. Н. _gГригорий Наумович _4070 |
|
| 701 | 1 |
_aФедянов _bЕ. А. _gЕвгений Алексеевич _4070 |
|
| 801 | 0 |
_aRU _bNLR _c20091012 _gRCR |
|
| 801 | 1 |
_aRU _bNLR _c20091012 |
|
| 830 | _aавт. по кн. | ||
| 942 | _cBOOK | ||
| 980 | _aNB | ||